Petrópolis - Choix multiples - Statistiques

Statistiques générales
  • Ce quiz a été pris 3 fois
  • Le résultat moyen est 6 sur 10
Statistiques - réponses
Question Réponse % Correct
Quel est le surnom de la ville, lié à son passé ? Cité impériale
100%
D'où est tiré le nom de la ville ? De Pierre II, empereur du Brésil enterré dans la ville
67%
Que célèbre-t-on à Petrópolis lors de la Bauernfest, l'un des plus grands festivals du Brésil ? L'immigration et la culture allemande
67%
Quelle est désormais la fonction du principal palais de la ville ? Musée
67%
À quelle métropole appartient Petrópolis, étant située à 70 km au nord de cette ville ? Rio de Janeiro
67%
Quel écrivain auteur du roman Le Joueur d'échecs s'y suicide en compagnie de sa femme en 1942 ? Stefan Zweig
67%
Quelle première mondiale (hors États-Unis) est inaugurée à Petrópolis en 1877 ? Une ligne de téléphone
67%
Laquelle de ces photos a été prise à Petrópolis ?
33%
Quelle saison est représentative et emblématique de la ville ? Été
33%
Quel prix Nobel de médecine en 1960, britannique d'origine libanaise, le premier à comprendre les notions d'acceptation et de rejet de greffes d'organes, est né à Petrópolis ? Peter Medawar
33%
Aucun quiz correspondant
Distribution des résultats
% des personnes avec chaque résultat
Percentile par nombre de réponses
Votre historique - résultats
Vous n’avez pas pris ce quiz